000
00438nam a2200145Ia 4500
008
100204s9999 xx 000 0 und d
082
_b
14857
100
_a
रावजी आशू / कानडे दिनू
245
_a
जिवलग
260
_b
"डॉल्फिन लायब्ररी, गोवा"
_c
1988
300
_a
210
630
_a
जिवलग
730
_a
जिवलग
942
_c
BOOK
999
_c
459288
_d
459285